Career choice anxiety and self-esteem: a comparative study of girls who choose traditional and non-traditional careers (Record no. 73105)

000 -LEADER
fixed length control field 00443pab a2200145 454500
008 - FIXED-LENGTH DATA ELEMENTS--GENERAL INFORMATION
fixed length control field 180718b2005 xxu||||| |||| 00| 0 eng d
100 ## - MAIN ENTRY--PERSONAL NAME
Personal name Kaur, Supreet
245 ## - TITLE STATEMENT
Title Career choice anxiety and self-esteem: a comparative study of girls who choose traditional and non-traditional careers
260 ## - PUBLICATION, DISTRIBUTION, ETC.
Date of publication, distribution, etc. 2005
300 ## - PHYSICAL DESCRIPTION
Extent p.110-18.
650 ## - SUBJECT ADDED ENTRY--TOPICAL TERM
Topical term or geographic name entry element Career development
773 ## - HOST ITEM ENTRY
Main entry heading Research Journal Social Sciences
908 ## - PUT COMMAND PARAMETER (RLIN)
Put command parameter N
909 ## -
-- 73105
Holdings
Withdrawn status Lost status Damaged status Not for loan Permanent Location Current Location Date acquired Serial Enumeration / chronology Barcode Date last seen Price effective from Koha item type
        Indian Institute of Public Administration Indian Institute of Public Administration 2018-07-19 Volume no: 13, Issue no: 3 AR73565 2018-07-19 2018-07-19 Articles

Powered by Koha